Calc Review Quiz Stats

Quiz not verified by Sporcle

Challenge
Share
Tweet
Embed
Score 0/17 Timer 10:00
0 Plays Today
Question Answer % Correct
What is the derivative of tan(x)?sec^2(x)
94.1%
Does the lim(f(x)+g(x))=lim(f(x))+lim(g(x))?yes
76.5%
If the lnx=y then what is the expression in terms on e?e^y=x
58.8%
What is the integral of e^x?e^x+c
47.1%
What is the integral of cos(x)?sin(x)+c
47.1%
What is the limit of (2x^2+2x+3)/(3x+6) as x approaches -2 from the positive side? positive infinity
41.2%
What is the derivative of sec(x)?sec(x)tan(x)
41.2%
What rule is used to find the derivative of (2x)^3?The Chain rule
41.2%
What does the symbol ∆ mean?The change in
35.3%
Question Answer % Correct
What is the derivative of e^kx where k is a constant? ke^kx
35.3%
What is the derivative of sinhx? coshx
35.3%
What is the lim as x approaches zero for sinx/x? (write answer in word form)1
29.4%
What is the integral of 1/x? lnx+C
29.4%
lim(f(x)) as x approaches c equals f(c) only when f(x) is what at c? continuous
23.5%
What is ∆x over [0,12] when there are 3 subintervals? (write answer in word form) 4
5.9%
What is Integration by parts derived from? The Product rule
5.9%
What is the product rule? (fg)'=fg'+gf'
0%

You're not logged in!

Compare scores with friends on all Sporcle quizzes.
Sign Up with Email
OR
Log In

You Might Also Like...

Show Comments

Extras

Top Quizzes Today


Score Distribution

Your Account Isn't Verified!

In order to create a playlist on Sporcle, you need to verify the email address you used during registration. Go to your Sporcle Settings to finish the process.

Report this User

Report this user for behavior that violates our Community Guidelines.

Details: